ARRUPE JESUIT UNIVERSITY

CORONAVIRUS -STOP THE SPREAD - CLEAN,DISINFECT,COVER

The new tribe / (Record no. 118503)

MARC details
000 -LEADER
fixed length control field 01393cam a2200385 a 4500
001 - CONTROL NUMBER
control field 12310393
003 - CONTROL NUMBER IDENTIFIER
control field ARRUPE
005 - DATE AND TIME OF LATEST TRANSACTION
control field 20131105125241.0
008 - FIXED-LENGTH DATA ELEMENTS--GENERAL INFORMATION
fixed length control field 010214s2000 enk 000 1 eng d
010 ## - LIBRARY OF CONGRESS CONTROL NUMBER
LC control number 2001274672
015 ## - NATIONAL BIBLIOGRAPHY NUMBER
National bibliography number GBA1-02627
020 ## - INTERNATIONAL STANDARD BOOK NUMBER
International Standard Book Number 0435912046
035 ## - SYSTEM CONTROL NUMBER
System control number (OCoLC)ocm45588541
040 ## - CATALOGING SOURCE
Original cataloging agency OUN
Transcribing agency OUN
Modifying agency UKM
-- DLC
042 ## - AUTHENTICATION CODE
Authentication code lccopycat
043 ## - GEOGRAPHIC AREA CODE
Geographic area code e-uk-en
-- f-nr---
050 00 - LIBRARY OF CONGRESS CALL NUMBER
Classification number PR9387.9.E36
Item number N49 2000
082 00 - DEWEY DECIMAL CLASSIFICATION NUMBER
Classification number 823/.914
Edition number 21
300 ## - PHYSICAL DESCRIPTION
Dimensions 21 cm.
100 1# - MAIN ENTRY--PERSONAL NAME
Personal name Emecheta, Buchi.
9 (RLIN) 3196
245 14 - TITLE STATEMENT
Title The new tribe /
Statement of responsibility, etc Buchi Emecheta.
260 ## - PUBLICATION, DISTRIBUTION, ETC. (IMPRINT)
Place of publication, distribution, etc Oxford [England] ;
-- Portsmouth, NH :
Name of publisher, distributor, etc Heinemann,
Date of publication, distribution, etc 2000.
300 ## - PHYSICAL DESCRIPTION
Extent 154 p. ;
440 #0 - SERIES STATEMENT/ADDED ENTRY--TITLE
Title African writers series
9 (RLIN) 3197
650 #0 - SUBJECT ADDED ENTRY--TOPICAL TERM
Topical term or geographic name as entry element Nigerians
Geographic subdivision England
Form subdivision Fiction.
9 (RLIN) 3198
650 #0 - SUBJECT ADDED ENTRY--TOPICAL TERM
Topical term or geographic name as entry element Interracial adoption
Form subdivision Fiction.
9 (RLIN) 3199
650 #0 - SUBJECT ADDED ENTRY--TOPICAL TERM
Topical term or geographic name as entry element Adopted children
Form subdivision Fiction.
9 (RLIN) 3200
650 #0 - SUBJECT ADDED ENTRY--TOPICAL TERM
Topical term or geographic name as entry element Clergy
Form subdivision Fiction.
9 (RLIN) 3201
651 #0 - SUBJECT ADDED ENTRY--GEOGRAPHIC NAME
Geographic name Nigeria
Form subdivision Fiction.
9 (RLIN) 3202
651 #0 - SUBJECT ADDED ENTRY--GEOGRAPHIC NAME
Geographic name England
Form subdivision Fiction.
9 (RLIN) 3203
655 #7 - INDEX TERM--GENRE/FORM
Genre/form data or focus term Domestic fiction.
Source of term lcsh
9 (RLIN) 3204
856 42 - ELECTRONIC LOCATION AND ACCESS
Materials specified Book review (H-Net)
Uniform Resource Identifier <a href="http://www.h-net.org/review/hrev-a0c0h1-aa">http://www.h-net.org/review/hrev-a0c0h1-aa</a>
906 ## - LOCAL DATA ELEMENT F, LDF (RLIN)
a 7
b cbc
c copycat
d 2
e ncip
f 20
g y-gencatlg
942 ## - ADDED ENTRY ELEMENTS (KOHA)
Source of classification or shelving scheme Library of Congress Classification
Koha item type Monograph ( Printed materials)
Holdings
Withdrawn status Lost status Source of classification or shelving scheme Damaged status Not for loan Home library Current library Date acquired Total Checkouts Full call number Barcode Date last seen Date checked out Price effective from Koha item type
    Library of Congress Classification     ARRUPE LIBRARY ARRUPE LIBRARY 05/11/2013 4 PR9387.9.E4 N4 2000 46411226 07/04/2018 23/03/2018 05/11/2013 Monograph ( Printed materials)

 

Arrupe Library. PO Box MP320 Mt Pleasant, Harare, Zimbabwe
263 242 745411|librarian@aju.ac.zw